Psychiatric nursing / (Record no. 21205)
[ view plain ]
| 000 -LEADER | |
|---|---|
| fixed length control field | 02378cam a22003135a 4500 |
| 001 - CONTROL NUMBER | |
| control field | 18131870 |
| 005 - DATE AND TIME OF LATEST TRANSACTION | |
| control field | 20160222111751.0 |
| 008 - FIXED-LENGTH DATA ELEMENTS--GENERAL INFORMATION | |
| fixed length control field | 140425t2015 moua frbd 001 0 eng d |
| 020 ## - INTERNATIONAL STANDARD BOOK NUMBER | |
| International Standard Book Number | 9780323185790 |
| 040 ## - CATALOGING SOURCE | |
| Original cataloging agency | DNLM/DLC |
| Transcribing agency | DLC |
| Modifying agency | DLC |
| -- | EG-ScBUE |
| Language of cataloging | eng |
| 082 04 - DEWEY DECIMAL CLASSIFICATION NUMBER | |
| Classification number | 616.890231 |
| Edition number | 22 |
| Item number | KEL |
| 100 1# - MAIN ENTRY--PERSONAL NAME | |
| Personal name | Keltner, Norman L. |
| 9 (RLIN) | 39404 |
| 245 10 - TITLE STATEMENT | |
| Title | Psychiatric nursing / |
| Statement of responsibility, etc | Norman L. Keltner, Debbie Steele. |
| 250 ## - EDITION STATEMENT | |
| Edition statement | 7th ed. |
| 260 ## - PUBLICATION, DISTRIBUTION, ETC. (IMPRINT) | |
| Place of publication, distribution, etc | Missouri : |
| Name of publisher, distributor, etc | Elsevier / Mosby, |
| Date of publication, distribution, etc | c.2015. |
| 300 ## - PHYSICAL DESCRIPTION | |
| Extent | ix, 536 p. : |
| Other physical details | ill. ; |
| Dimensions | 28 cm. |
| 500 ## - GENERAL NOTE | |
| General note | Glossary : p. 505-514. |
| 500 ## - GENERAL NOTE | |
| General note | Index : p. 515-536. |
| 504 ## - BIBLIOGRAPHY, ETC. NOTE | |
| Bibliography, etc | Includes bibliographical references. |
| 505 0# - FORMATTED CONTENTS NOTE | |
| Formatted contents note | Unit I. The basics. Me, meds, milieu -- Historical issues -- Legal issues -- Psychobiologic bases of behavior -- Cultural issues -- Spiritual issues -- Unit II. You: therapeutic nurse-patient relationship. Models for working with psychiatric patients -- Learning to communicate professionally -- Working with an individual patient -- Working with groups of patients -- Working with the family -- Unit III. Medication: psychopharmacology. Introduction to psychotropic drugs -- Antiparkinsonian drugs -- Antipsychotic drugs -- Antidepressant drugs -- Antimanic drugs -- Antianxiety drugs -- Antidementia drugs -- Over-the-counter drugs -- Unit IV. Environment: milieu management. Introduction to milieu management -- Variables affecting the therapeutic environment: violence and suicide -- Therapeutic environment in various treatment settings -- Unit V. Putting it all together: psychopathology. Introduction to psychopathology -- Schizophrenia spectrum and other psychotic disorders -- Depressive disorders -- Bipolar disorders -- Anxiety-related, obsessive-compulsive, trauma and stressor-related, somatic, and dissociative disorders -- Cognitive disorders -- Personality disorders -- Sexual disorders -- Substance-related disorders -- Eating disorders -- Unit VI. Special populations. Survivors of violence and trauma -- Children and adolescents -- Older adults -- Soldiers and veterans -- Appendix: DSM-5 Classification. |
| 650 #7 - SUBJECT ADDED ENTRY--TOPICAL TERM | |
| Topical term or geographic name as entry element | Psychiatric nursing. |
| Source of heading or term | BUEsh |
| 9 (RLIN) | 36309 |
| 650 #7 - SUBJECT ADDED ENTRY--TOPICAL TERM | |
| Topical term or geographic name as entry element | Psychotherapy. |
| Source of heading or term | BUEsh |
| 9 (RLIN) | 30634 |
| 650 #0 - SUBJECT ADDED ENTRY--TOPICAL TERM | |
| Topical term or geographic name as entry element | Psychotropic drugs. |
| Source of heading or term | BUEsh |
| 650 #7 - SUBJECT ADDED ENTRY--TOPICAL TERM | |
| Topical term or geographic name as entry element | Nurse and patient. |
| Source of heading or term | BUEsh |
| 9 (RLIN) | 12232 |
| 651 ## - SUBJECT ADDED ENTRY--GEOGRAPHIC NAME | |
| Source of heading or term | BUEsh |
| 653 ## - INDEX TERM--UNCONTROLLED | |
| Resource For college | Nursing |
| Arrived date list | February2016 |
| 700 1# - ADDED ENTRY--PERSONAL NAME | |
| Personal name | Steele, Debbie, |
| 942 ## - ADDED ENTRY ELEMENTS (KOHA) | |
| Source of classification or shelving scheme | Dewey Decimal Classification |
| Withdrawn status | Item status | Source of classification or shelving scheme | Damaged status | Not for loan | Vendor | Home library | Current library | Shelving location | Date acquired | Source of acquisition | Cost, normal purchase price | Serial Enumeration / chronology | Total Checkouts | Total Renewals | Full call number | Barcode | Date last seen | Date last borrowed | Cost, replacement price | Koha item type |
|---|---|---|---|---|---|---|---|---|---|---|---|---|---|---|---|---|---|---|---|---|
| Dewey Decimal Classification | Academic Bookshop | Central Library | Central Library | First floor | 22/02/2016 | Purchase | 980.00 | 4862 | 4 | 65 | 616.890231 KEL | 000031634 | 15/07/2025 | 24/02/2020 | 1225.00 | Book - Borrowing |